Business systems research

Bibliographic Details
Corporate Author: Udruga za promicanje poslovne informatike - BIT
Format: Electronic Journal
Language:English
Published: Zagreb : Berlin, Germany : Udruga za promicanje poslovne informatike - BIT; De Gruyter
Subjects:
Online Access:Full text available from Research Library: 03/01/2014 to present

MARC

LEADER 00000nas a2200000 i 4500
001 ssj0000851838
003 WaSeSS
005 20200512172242.0
006 m d
007 cr n
008 121212c20109999ci fx pss u0 a0eng c
010 |a  2013252227 
022 |a 1847-9375  |l 1847-8344 
035 |a (WaSeSS)ssj0000851838 
040 |a CNCGM  |b eng  |c CNCGM  |d WAU  |d OCLCQ  |d OCLCF  |d CUS  |d DLC  |d AU@  |d WaSeSS 
042 |a pcc 
050 0 0 |a HD30.4 
210 1 |a Bus. syst. res.  |b (Online) 
222 0 |a Business systems research  |b (Online) 
245 0 0 |a Business systems research  |h [electronic resource]. 
246 3 |a BSR 
246 3 |a BSR journal 
246 3 |a Business systems research journal 
260 |a Zagreb :  |b Udruga za promicanje poslovne informatike - BIT;  |a Berlin, Germany :  |b De Gruyter 
310 |a Two issues per year 
362 1 |a Began with v. 1, no. 1/2 (Jan. 2010). 
506 |a License restrictions may limit access. 
588 |a Description based on: V. 1, no. 1/2 (January 2010); title from article PDF (BSR journal website, viewed March 21, 2013). 
588 |a Latest issue consulted: Volume 6, issue 1 (Mar 2015) (De Gruyter website, viewed July 09, 2015) 
650 0 |a Business  |x Research  |v Periodicals. 
650 0 |a Economics  |x Research  |v Periodicals. 
650 7 |a Business  |x Research.  |2 fast  |0 (OCoLC)fst00842371 
650 7 |a Economics  |x Research.  |2 fast  |0 (OCoLC)fst00902203 
655 0 |a Electronic journals. 
710 2 |a Udruga za promicanje poslovne informatike - BIT. 
776 0 8 |i Print version:  |t Business Systems Research  |x 1847-8344 
850 |a DLC 
856 4 0 |z Full text available from Research Library: 03/01/2014 to present  |u https://search.proquest.com/publication/2031879